Personnages Principaux de Mangas et Animes - Statistiques

Statistiques générales
  • Ce quiz a été pris 171 fois
    21 depuis la dernière actualisation
  • Le résultat moyen est 96 sur 321
Statistiques - réponses
Mangas / Animes Personnages % Correct
Death Note L Lawliet
100%
Sakamoto Days Lu Shaotang
100%
One Piece Monkey D. Luffy
100%
Naruto Naruto Uzumaki
100%
Dragon Ball Son Gokû
100%
L'Attaque des Titans Eren Jaeger
93%
One Piece Roronoa Zoro
93%
Naruto Sakura Haruno
93%
Naruto Sasuke Uchiwa
93%
Hunter X Hunter Gon Freecss
87%
Prison School Jôji Nezu / Joe
87%
Naruto Kakashi Hatake
87%
Seven Deadly Sins Meliodas
87%
One Piece Nami
87%
Pokémon Sacha Ketchum
87%
Dragon Ball Vegeta
87%
One Piece Vinsmoke Sanji
87%
L'Attaque des Titans Armin Arlert
80%
My Hero Academia Katsuki Bakugo
80%
Death Note Light Yagami
80%
L'Attaque des Titans Mikasa Ackerman
80%
Demon Slayer Nezuko Kamado
80%
Demon Slayer Tanjiro Kamado
80%
Tomodachi Game Tenji Mikasa
80%
One Piece Tony Tony Chopper
80%
Kaguya sama Love is War Yu Ishigami
80%
Demon Slayer Zenitsu Agatsuma
80%
My Hero Academia Izuku Midoriya
73%
Hunter X Hunter Kirua Zoldik
73%
Cyberpunk: Edgerunners Lucy
73%
Assassination Classroom Nagisa Shiota
73%
Fairy Tail Natsu Dragnir
73%
Jujutsu Kaisen Satoru Gojo
73%
My Hero Academia Shoto Todoroki
73%
Dragon Ball Son Gohan
73%
My Dress-Up Darling Wakana Gojô
73%
Jujutsu Kaisen Yuji Itadori
73%
Cowboy Bebop Edward Wong Hau Pepelu Tivrusky IV
67%
Seven Deadly Sins Elizabeth Liones
67%
Demon Slayer Inosuke Hashibira
67%
Hunter X Hunter Kurapika
67%
Hunter X Hunter Leolio Paradinaito
67%
Darwin's Incident Lucy Eldred
67%
Fairy Tail Lucy Heartfilia
67%
One Punch Man Saitama
67%
Dr. Stone Senku Ishigami
67%
Spy X Family Anya Forger
60%
Seven Deadly Sins Ban
60%
Dragon Ball Bulma
60%
Fullmetal Alchemist Edward Elric
60%
The Promised Neverland Emma
60%
Berserk Guts
60%
Fairy Tail Happy
60%
Bleach Ichigo Kurosaki
60%
Assassination Classroom Karma Akabane
60%
Tokyo Ghoul Ken Kaneki
60%
Dandadan Ken Takakura / Okarun
60%
Assassination Classroom Koro Sensei
60%
Dragon Ball Krilin
60%
Jujutsu Kaisen Megumi Fushiguro
60%
Jujutsu Kaisen Nobara Kugisaki
60%
Dragon Ball Piccolo
60%
Pokémon Pierre
60%
Pokémon Pikachu
60%
Death Note Ryuk
60%
One Piece Usopp
60%
Violet Evergarden Violet Evergarden
60%
Chainsaw Man Aki Hayakawa
53%
Zom 100: Bucket List of the Dead Akira Tendô
53%
Fullmetal Alchemist Alphonse Elric
53%
Black Clover Asta
53%
Chainsaw Man Denji
53%
Seven Deadly Sins Diane
53%
Fairy Tail Erza Scarlett
53%
One Punch Man Genos
53%
Fairy Tail Grey Fullbuster
53%
Sword Art Online Kazuto Kirigaya / Kirito
53%
Seven Deadly Sins King / Arlequin
53%
Nadia, le Secret de l'Eau Bleue King (Attila)
53%
Code Geass Lelouch vi Britannia
53%
Spy X Family Loid Forger / Twilight
53%
My Hero Academia Ochaco Uraraka
53%
Chainsaw Man Power
53%
Re-Zero Rem
53%
Blue Exorcist Rin Okumura
53%
Sakamoto Days Shin Asakura
53%
Kotaro en Solo Shin Karino
53%
Yu-Gi-Oh! Yûgi Muto
53%
Oshi no Ko Ai Hoshino
47%
Sword Art Online Asuna
47%
Frieren Frieren
47%
Tokyo Revengers Manjiro Sano / Mickey
47%
Mashle Mash Burnedead
47%
Death Note Misa Amane
47%
My Hero Academia Tenya Iida
47%
Vinland Saga Thorfinn Thorsson
47%
Blue Lock Yoichi Isagi
47%
Spy X Family Yor Forger
47%
Inazuma Eleven Axel Blaze
40%
Seven Deadly Sins Escanor
40%
Hell's Paradise Gabimaru
40%
Berserk Griffith
40%
Jojo's Bizarre Adventure Jonathan Joestar
40%
Jojo's Bizarre Adventure Jotaro Kujo
40%
Kaguya sama Love is War Kaguya Shinomiya
40%
Tokyo Revengers Ken Ryûgûji / Draken
40%
Inazuma Eleven Mark Evans
40%
Blue Lock Meguru Bachira
40%
The Promised Neverland Norman
40%
Pokémon Ondine
40%
Mob Psycho 100 Shigeo Kageyama / Mob
40%
Fire Force Shinra Kusakabe
40%
Komi Cherche ses Mots Shôko Komi
40%
Tokyo Ghoul Toka Kirishima
40%
Black Clover Yami Sukehiro
40%
Wakfu Adamaï
33%
Wakfu Amalia Sheran Sharm
33%
Konosuba Aqua
33%
Oshi no Ko Aquamarine Hoshino
33%
Code Geass C.C.
33%
Wakfu Evangelyne
33%
Jojo's Bizarre Adventure Giorno Giovanna
33%
Jojo's Bizarre Adventure Joseph Joestar
33%
Dandadan Momo Ayase
33%
Re-Zero Ram
33%
The Promised Neverland Ray
33%
Neon Genesis Evangelion Rei Ayanami
33%
Steins;Gate Rintarô Okabe / Hououin Kyouma
33%
Fullmetal Alchemist Roy Mustang
33%
Oshi no Ko Ruby Hoshino
33%
Wakfu Ruel Stroud
33%
Re-Zero Subaru Natsuki
33%
Dr. Stone Taiju Oki
33%
Tokyo Revengers Takemichi Hanagaki
33%
Sakamoto Days Taro Sakamoto
33%
Wakfu Tristepin de Percedal
33%
Wakfu Yugo
33%
Fire Force Arthur Boyle
27%
Vinland Saga Askeladd
27%
Neon Genesis Evangelion Asuka Langley Sôryû
27%
Berserk Casca
27%
Tokyo Revengers Chifuyu Matsuno
27%
Dr. Stone Chrome
27%
Cyberpunk: Edgerunners David Martinez
27%
Dandadan Jin Enjoji / Jiji
27%
Jojo's Bizarre Adventure Jolyne Cujoh
27%
Kaiju No. 8 Kafka Hibino
27%
Dr. Stone Kohaku
27%
Kotaro en Solo Kotaro Sato
27%
Mashle Lance Crown
27%
Bloom Rintaro Tsumugi
27%
Bleach Rukia Kuchiki
27%
Neon Genesis Evangelion Shinji Ikari
27%
Cowboy Bebop Spike Spiegel
27%
Solo Leveling Sung Jinwoo
27%
Black Clover Yuno Grinberryall
27%
Spy X Family Bond Forger
20%
Solo Leveling Cha Hae-In
20%
Re-Zero Emilia
20%
Blue Lock Hyôma Chigiri
20%
Cowboy Bebop Jet Black
20%
Jojo's Bizarre Adventure Josuke Higashikata
20%
Inazuma Eleven Jude Sharp
20%
Nadia, le Secret de l'Eau Bleue Nadia La Arwall
20%
Yo-Kai Watch Nathan Adams
20%
Black Clover Noelle Silva
20%
Blue Lock Rensuke Kunigami
20%
Black Lagoon Revy
20%
Sherlock Hound Sherlock Holmes
20%
No Game No Life Sora
20%
Fullmetal Alchemist Winry Rockbell
20%
Dandadan Aira Shiratori
13%
Mob Psycho 100 Arataka Reigen
13%
Gachiakuta Enjin
13%
Frieren Fern
13%
Mashle Finn Ames
13%
Blue Box Hina Chono
13%
Domestic Girlfriend Hina Tachibana
13%
Tougen Anki Jin Kougasaki
13%
Monster Johan Liebert
13%
Sherlock Hound John H. Watson
13%
Assassination Classroom Kaede Kayano
13%
Gurren Laggan Kamina
13%
Monster Kenzô Tenma
13%
Kaiju No. 8 Kikoru Shinomiya
13%
Four Knights of the Apocalypse Lancelot
13%
Mashle Lemon Irvin
13%
Beastars Louis
13%
Moriarty the Patriot Louis James Moriarty
13%
My Dress-Up Darling Marin Kitagawa
13%
Konosuba Megumin
13%
The Quintessential Quintuplets Miku Nakano
13%
Kaiju No. 8 Mina Ashiro
13%
Neon Genesis Evangelion Misato Katsuragi
13%
Bleach Orihime Inoue
13%
Four Knights of the Apocalypse Percival / Perceval
13%
Kaiju No. 8 Reno Ichikawa
13%
Gachiakuta Rudo Surebrec
13%
Hell's Paradise Sagiri Yamada Asaemon
13%
Frieren Stark
13%
Code Geass Suzaku Kururugi
13%
Le Péché Originel de Takopi Takopi
13%
Yu-Gi-Oh! Yami Yûgi
13%
Bleach Yasutora Sado / Chad
13%
Psycho Pass Akane Tsunemori
7%
Moriarty the Patriot Albert James Moriarty
7%
Four Knights of the Apocalypse Anghalhad (Anne)
7%
Pluto Atom / Astro
7%
Zom 100: Bucket List of the Dead Beatrix Amerhauser
7%
Kaguya sama Love is War Chika Fujiwara
7%
Konosuba Darkness / Lalatina Ford Dustiness
7%
Mashle Dot Barrett
7%
Cowboy Bebop Faye Valentine
7%
Beastars Haru
7%
Le Garçon d'à Côté Haru Yoshida
7%
Angel Beats! Hideki Hinata
7%
Komi Cherche ses Mots Hitohito Tadano
7%
The Quintessential Quintuplets Ichika Nakano
7%
Steins;Gate Itaru Hashida / Daru
7%
The Quintessential Quintuplets Itsuki Nakano
7%
Yo-Kai Watch Jibanyan
7%
Jojo's Bizarre Adventure Josuke Higashikata / Gappy
7%
Kaiji Kaiji Itô
7%
Code Geass Kallen Kôzuki
7%
Bloom Kaoruko Waguri
7%
My Hero Academia Vigilantes Kazuho Haneyama / Pop ☆ Step
7%
Konosuba Kazuma Sato
7%
Sanda Kazushige Sanda
7%
Zom 100: Bucket List of the Dead Kenichirô Ryûzaki / Kencho
7%
My Hero Academia Vigilantes Koichi Haimawari / The Crawler
7%
Beastars Legoshi
7%
Gambling School Mary Saotome
7%
Steins;Gate Mayuri Shiina
7%
Made in Abyss Nanachi
7%
Gurren Laggan Nia Teppelin
7%
Monster Nina Fortner / Anna Liebert
7%
The Quintessential Quintuplets Nino Nakano
7%
Cyberpunk: Edgerunners Rebecca
7%
Prison School Reiji Andô / André
7%
High School DxD Rias Gremory
7%
Made in Abyss Riko
7%
Gachiakuta Riyo Reaper
7%
Black Lagoon Rokuro Okajima / Rock
7%
Domestic Girlfriend Rui Tachibana
7%
Parasite Shinichi Izumi
7%
No Game No Life Shiro
7%
Le Péché Originel de Takopi Shizuka Kuze
7%
Zom 100: Bucket List of the Dead Shizuka Mikazuki
7%
Akira Shôtarô Kaneda
7%
Gurren Laggan Simon
7%
Akira Tetsuo Shima
7%
Bleach Uryû Ishida
7%
Yo-Kai Watch Whisper
7%
Moriarty the Patriot William James Moriarty
7%
Gurren Laggan Yoko Littner
7%
The Quintessential Quintuplets Yotsuba Nakano
7%
Blue Exorcist Yukio Okumura
7%
Gambling School Yumeko Jabami
7%
Gachiakuta Zanka Nijiku
7%
Valkyrie Apocalypse Zeus
7%
Overlord Ainz Ooal Gown / Momonga
0%
Overlord Albedo
0%
Black Lagoon Benny
0%
Valkyrie Apocalypse Brunehilde
0%
Violet Evergarden Cattleya Baudelaire
0%
Darwin's Incident Charlie Stein
0%
Blue Box Chinatsu Kano
0%
20th Century Boys Chôji Ochiai / Otcho
0%
L'Ère des Cristaux Cinnabar (Cinabre)
0%
Scissor Seven Dai Bo
0%
Four Knights of the Apocalypse Donny
0%
Black Lagoon Dutch
0%
The Quintessential Quintuplets Futaro Uesugi
0%
Pluto Gesicht
0%
Valkyrie Apocalypse Göll
0%
Sanda Hitoshi Amaya
0%
High School DxD Issei Hyôdô
0%
My Hero Academia Vigilantes Iwao Oguro / Knuckle Duster
0%
Nadia, le Secret de l'Eau Bleue Jean Roque Lartigue
0%
Jojo's Bizarre Adventure Jodio Joestar
0%
Jojo's Bizarre Adventure Johnny Joestar
0%
Angel Beats! Kanade Tachibana
0%
20th Century Boys Kanna Endô
0%
20th Century Boys Kenji Endô
0%
Prison School Kiyoshi Fujino
0%
Sky-High Survival Kuon Shinzaki
0%
Steins;Gate Kurisu Makise
0%
Danganronpa Kyôko Kirigiri
0%
Danganronpa Makoto Naegi
0%
Tomodachi Game Makoto Shibe
0%
Le Péché Originel de Takopi Marina Kirarazaka
0%
Sky-High Survival Mayuko Nise
0%
Parasite Migi
0%
Kaguya sama Love is War Miko Iino
0%
Kaguya sama Love is War Miyuki Shirogane
0%
Danganronpa Monokuma
0%
Tougen Anki Naito Mudano
0%
Komi Cherche ses Mots Najimi Osana
0%
Four Knights of the Apocalypse Nasiens
0%
Domestic Girlfriend Natsuo Fujii
0%
L'Ère des Cristaux Phosphophyllite
0%
Berserk Puck
0%
Made in Abyss Reg
0%
Gambling School Ryôta Suzui
0%
Scissor Seven Sept
0%
Tomodachi Game Shiho Sawaragi
0%
Tougen Anki Shiki Ichinose
0%
Prison School Shingo Wakamoto
0%
Psycho Pass Shinya Kôgami
0%
Sanda Shiori Fuyumura
0%
Le Garçon d'à Côté Shizuku Mizutani
0%
Mob Psycho 100 Smile
0%
Blue Box Taiki Inomata
0%
Prison School Takehito Morokuzu / Gackt
0%
Scissor Seven Xiao Fei
0%
Tomodachi Game Yûichi Katagiri
0%
Kaiji Yûji Endô
0%
Sky-High Survival Yuka Makoto / Sniper Masqué
0%
Sky-High Survival Yuri Honjô
0%
Tomodachi Game Yutori Kokonogi
0%
Angel Beats! Yuzuru Otonashi
0%
Aucun quiz correspondant
Distribution des résultats
% des personnes avec chaque résultat
Percentile par nombre de réponses
Votre historique - résultats
Vous n’avez pas pris ce quiz depuis la dernière actualisation